000 00264nam a2200109Ia 4500
008 190907s9999||||xx |||||||||||||| ||und||
100 _aCharles Baden
245 0 _aStrategic Innovation
260 _aNew York
_bPrentice Hall Inc.
_c1996
300 _a461
942 _cBK
999 _c6370
_d6370